00527nam a2200169Ia 4500100002100000650002500021942000700046366000700053654002500060245002500085260003500110082001500145300000800160546002400168999001700192952014800209 aMeenakshi/Raman  aCommunication skills cBK f25 acommunication skills aCommunication Skills bOxford university pressc2009 a371.2bMEE a521 aENGLISHcproduction c21717d21717 001040708CRCaCRCEbCRCEd2023-03-17eDharma Enterprisesg195.00i523 dt 29/04/2010l0o371.2 MEEp20557r2023-03-17v260.00w0000-00-00yBK